LIBRARY & INFORMATION CENTRE, KCAET, TAVANUR

ONLINE PUBLIC ACCESS CATALOGUE (OPAC)

Assessment of salient features of ground water resources - a case study in humid tropical region (Record no. 15191)

MARC details
000 -LEADER
fixed length control field 00813nam a22002057a 4500
003 - CONTROL NUMBER IDENTIFIER
control field OSt
088 ## - REPORT NUMBER
Report number P 142
100 ## - MAIN ENTRY--AUTHOR NAME
Personal name BINEESH S
245 ## - TITLE STATEMENT
Title Assessment of salient features of ground water resources - a case study in humid tropical region
260 ## - PUBLICATION, DISTRIBUTION, ETC. (IMPRINT)
Place of publication Tavanur 2004
Name of publisher Department of Irrigation and Drainage Engineering
300 ## - PHYSICAL DESCRIPTION
Number of Pages 78
500 ## - GENERAL NOTE
General note Assessment of salient features of ground water resources - a case study in humid tropical region
520 ## - SUMMARY, ETC.
Summary, etc Assessment of salient features of ground water resources - a case study in humid tropical region
700 ## - ADDED ENTRY--PERSONAL NAME
Personal name Nisha T. V
700 ## - ADDED ENTRY--PERSONAL NAME
Personal name Preethi Abraham
700 ## - ADDED ENTRY--PERSONAL NAME
Personal name Er. Asha Joseph (Guide)
856 ## - ELECTRONIC LOCATION AND ACCESS
Uniform Resource Identifier https://drive.google.com/open?id=1r-iCSDqU2djgHDMUm92Sq3P6grmWm0AS
942 ## - ADDED ENTRY ELEMENTS (KOHA)
Koha item type Project Report
Holdings
Collection code Home library Current library Shelving location Full call number Accession Number Koha item type
Reference KAUAET KAUAET Reference 631.587 BIN/AS P 142 Project Report
free website counter